লোডিং...

Green Governance Ecological Survival, Human Rights, and the Law of the Commons

গ্রন্থ-পঞ্জীর বিবরন
প্রধান লেখক: Weston, Burns H.
অন্যান্য লেখক: David Bollier
বিন্যাস: বৈদ্যুতিন গ্রন্থ
ভাষা:English
প্রকাশিত: Cambridge University Press 2013
বিষয়গুলি:
অনলাইন ব্যবহার করুন:http://dx.doi.org/10.1017/CBO9781139540582
LEADER 00680nam a22001937a 4500
005 20151026133433.0
008 150418b xxu||||| |||| 00| 0 eng d
020 |a 9781139540582 
100 |a Weston, Burns H.  
245 |a Green Governance   |b Ecological Survival, Human Rights, and the Law of the Commons 
260 |b Cambridge University Press  |c 2013 
500 |a Online book 
653 |a Environmental law  
653 |a Environmental policy, Economics and Law 
700 |a David Bollier  
856 |u http://dx.doi.org/10.1017/CBO9781139540582 
942 |c EB  |6 _ 
999 |c 71128  |d 71128 
952 |0 0  |1 0  |2 udc  |4 0  |6 _  |7 0  |9 83102  |a UL  |b UL  |d 2015-04-18  |p EB000321  |r 2015-04-18  |w 2015-04-18  |y EB